Ennemis de Spider-Man par véritable identité - Statistiques

Statistiques générales
  • Ce quiz a été pris 193 fois
  • Le résultat moyen est 16 sur 31
Statistiques - réponses
Hint Réponse % Correct
Norman Osborn Bouffon-Vert / Green Goblin
98%
Eddie Brock Venom
96%
Otto Octavius Docteur Octopus / Dr Octopus
94%
Max Dillon Electro
90%
Curt Connors Lézard / Lizard
87%
Quentin Beck Mysterio
87%
William Baker / Flint Marko Homme-Sable / Sandman
84%
Aleksei Systevich Rhino
81%
Adrian Toomes Vautour / Vulture
81%
Wilson Fisk Caïd / Kingpin
79%
Sergei Kravinoff Kraven le Chasseur / Kraven the Hunter
75%
Michael Morbius Morbius
73%
Cletus Kasady Carnage
71%
Mac Gargan Scorpion
69%
Felicia Hardy Chatte Noire / Black Cat
67%
Martin Li Mister Negative
63%
Herman Schultz Shocker
57%
Dmitri Smerdiakov Caméléon / Chameleon
49%
Roderick Kingsley Super-Bouffon / Hobgoblin
39%
Lonnie Lincoln Tombstone
38%
Miles Warren Chacal / Jackal
33%
Phineas Mason Bricoleur / Tinkerer
15%
Morris Bench Hydro-Man
15%
Vincent Stegron Stegron
15%
Richard Fisk Rose
12%
Abner Jenkins Scarabée / Beetle
10%
Frances Louise Barrison Shriek
7%
Silvio Manfredi Silvermane
7%
Mark Raxton Homme de Métal / Molten-Man
6%
Anton Miguel Rodriguez Tarentule / Tarantula
6%
Malcolm Mcbride Carrion
3%
Aucun quiz correspondant
Distribution des résultats
% des personnes avec chaque résultat
Percentile par nombre de réponses
Votre historique - résultats
Vous n’avez pas pris ce quiz